Tennis - Top 10 WTA - Statistiques

Statistiques générales
  • Ce quiz a été pris 450 fois
    166 depuis la dernière actualisation
  • Le résultat moyen est 7 sur 10
Statistiques - réponses
Classement Nationalité Joueurs % Correct
1 Biélorussie Aryna Sabalenka
99%
2 États-Unis Coco Gauff
95%
5 Pologne Iga Swiatek
92%
4 Italie Jasmine Paolini
87%
3 États-Unis Jessica Pegula
78%
7 Chine Qinwen Zheng
75%
10 Espagne Paula Badosa
67%
6 Russie Mirra Andreeva
66%
8 États-Unis Madison Keys
49%
9 États-Unis Emma Navarro
34%
Aucun quiz correspondant
Distribution des résultats
% des personnes avec chaque résultat
Percentile par nombre de réponses
Votre historique - résultats
Vous n’avez pas pris ce quiz depuis la dernière actualisation